| 000 | 00445nam a22001577a 4500 | ||
|---|---|---|---|
| 008 | 141202b xxu||||| |||| 00| 0 eng d | ||
| 020 | _a9780374251468 | ||
| 050 | _aP85.B33 A3613 2010 | ||
| 100 |
_aBarthes, Roland _913025 |
||
| 245 |
_aRoland Barthes _cRoland Barthes |
||
| 260 |
_aNew York _bHill and Wang _c2010 |
||
| 300 |
_axv, 186p. ; _c21cm. |
||
| 600 |
_aBarthes, Roland _913026 |
||
| 650 |
_aSemiotics _913027 |
||
| 942 |
_2lcc _cMONOGRAPH |
||
| 999 |
_c121376 _d121376 |
||